Competencias del docente para el siglo XXI /
Guardado en:
| Autor principal: | |
|---|---|
| Formato: | Texto |
| Materias: | |
| Etiquetas: |
Agregar Etiqueta
Sin Etiquetas, Sea el primero en etiquetar este registro!
|
MARC
| LEADER | 00000 a a2200000 04500 | ||
|---|---|---|---|
| 001 | 18855 | ||
| 003 | |||
| 040 | |||
| 100 | |a López de Tkachenko, Gloria | ||
| 245 | |a Competencias del docente para el siglo XXI / |c Gloria López de Tkachenko | ||
| 650 | |a EDUCACION | ||
| 650 | |a DOCENTES | ||
| 773 | |g volumen 29, número 1 -2; páginas 115-131 | ||
| 999 | |c 19867 |d 19867 | ||
